Francuskie słowa według obrazków #3 - Statystyki

Ogólne statystyki
  • Ten quiz został rozwiązany 1 391 razy
  • Średni wynik to 11 z 24
Odpowiedzi na mapie
Odpowiedzi zakodowano w zielono-czerwonej skali na mapie do tego quizu, zgodnie z poniższymi procentami.
 
Statystyki odpowiedzi
Odpowiedź % Poprawnych
Une tomate
78%
Un tigre
78%
Une dent
75%
Un homard
69%
Un requin
69%
Une loupe
67%
Une tortue
66%
Le soleil
61%
Une carte
57%
Une casquette
48%
Un cheval
44%
Un arc-en-ciel
43%
Une araignée
42%
Une fenêtre
42%
Un œuf
42%
Des cerises
41%
Le feu
35%
Une baignoire
32%
Une ampoule
28%
Un camion
26%
Un oiseau
25%
Un tournevis
23%
Une fusée
18%
Une corbeille
16%
Nie znaleziono quizów pasujących do podanych kryteriów
Rozkład punktacji
Procent ludzi z każdym wynikiem
Percentyl według liczby udzielonych odpowiedzi
Twoja historia wyników
Nie rozwiązałeś tego quizu